| 000 | 01096nam0a22002651 4500 | ||
|---|---|---|---|
| 001 | rc\906075 | ||
| 005 | 20250622035859.0 | ||
| 035 | _a(NLR Aleph) 006081137 | ||
| 090 |
_a5090399 _c5090399 |
||
| 100 | _a20041129d1983 |||y0rusy50 ca | ||
| 101 | 0 | _arus | |
| 102 | _aRU | ||
| 105 | _ay ||||||||| | ||
| 200 | 1 |
_aЛесные богатства Красноярского края _fЭ.Н. Фалалеев, И.Ю. Коропачинский, А.П. Витальев |
|
| 210 |
_aКрасноярск _cСТИ _d1983 |
||
| 215 |
_a23 с. _d20 |
||
| 300 | _aВ надзаг.: Краснояр. краев. совет нар. депутатов. Исполком, Сиб. технол. ин-т, Ин-т леса и древесины СО АН СССР | ||
| 700 | 1 |
_aФалалеев _bЭ.Н. _gЭдуард Николаевич |
|
| 701 | 1 |
_aКоропачинский _bИ.Ю. _gИгорь Юрьевич |
|
| 701 | 1 |
_aВитальев _bА.П. _gАлександр Павлович |
|
| 801 | 0 |
_aRU _bNLR _gpsbo |
|
| 801 | 1 |
_aRU _bELAR _2rusmarc |
|
| 852 |
_aNLR _j84-4/767 |
||
| 942 | _cBOOK | ||
| 980 | _aNB | ||